The Cambridge Urban History of Britain : (Record no. 612494)

MARC details
000 -LEADER
fixed length control field 00519nam a2200193 a 4500
008 - FIXED-LENGTH DATA ELEMENTS--GENERAL INFORMATION
fixed length control field 260214s2000##################000#0#eng##
020 ## - INTERNATIONAL STANDARD BOOK NUMBER
ISBN 9780521444613
082 04 - DEWEY DECIMAL CLASSIFICATION NUMBER
Classification number 307.760941
Item number PAL
100 1# - MAIN ENTRY--AUTHOR NAME
Personal name Clark, Peter,
245 10 - TITLE STATEMENT
Title The Cambridge Urban History of Britain :
260 ## - PUBLICATION, DISTRIBUTION, ETC. (IMPRINT)
Name of publisher Cambridge University Press,
Year of publication 2000.
300 ## - PHYSICAL DESCRIPTION
Number of Pages 386 pages
650 #0 - SUBJECT ADDED ENTRY--TOPICAL TERM
Topical Term History.
942 ## - ADDED ENTRY ELEMENTS (KOHA)
Koha item type English Books
Holdings
Withdrawn status Lost status Damaged status Not for loan Home library Current library Shelving location Date acquired Full call number Accession Number Price effective from Koha item type
        Anna Centenary Library Anna Centenary Library 3RD FLOOR, B WING 14.02.2026 307.760941 PAL 239267 14.02.2026 English Books

Find us on the map